Yoga for personal living (Record no. 30001)

MARC details
000 -LEADER
fixed length control field 00294nam a2200121Ia 4500
082 ## - DEWEY DECIMAL CLASSIFICATION NUMBER
Classification number 294.527
Item number HIT
100 ## - MAIN ENTRY--AUTHOR NAME
Personal name Hittleman, Richard L
245 #0 - TITLE STATEMENT
Title Yoga for personal living
260 ## - PUBLICATION, DISTRIBUTION, ETC. (IMPRINT)
Place of publication New York
Name of publisher Warner
Year of publication 1972
650 ## - SUBJECT ADDED ENTRY--TOPICAL TERM
Topical Term Yoga
942 ## - ADDED ENTRY ELEMENTS (KOHA)
Koha item type Books
Holdings
Withdrawn status Lost status Damaged status Not for loan Home library Current library Date acquired Cost, normal purchase price Full call number Accession Number Koha item type
        RRII Library RRII Library 16/12/2021 17.55 294.527 HIT 10581 Books